00000000nam##2200000za#4500
0019.558020
003CaOODSP
00520230131161132
007cr |||||||||||
008150406|2002||||xxc|||||o    f|0| 0 eng|d
020 |a0-662-31444-1
022 |a1701-4387
040 |aCaOODSP|beng
043 |an-cn---
0861 |aM44-2002/A10E-IN
1102 |aGeological Survey of Canada.
24510|aStructural geology of eastern Bella Coola map area, southwest British Columbia / |h[electronic resource]|c[by] J.B. Mahoney, L.C. Struik, L.J. Diakow, M.G. Hrudey, and G.J. Woodsworth.
260 |aOttawa - Ontario : |bNatural Resources Canada. |c2002.
300 |a11p.|bcoloured figs., maps (some coloured), references, photographs
4901 |aCurrent research 2002|x1701-4387|v2002-A10
546 |a(Résumé en français.)
590 |a13-28-Supp|b2013-12-09
830#0|aCurrent research (Geological Survey of Canada)|x1701-4387|v2002-A10|w(CaOODSP)9.506236
85640|ahttp://publications.gc.ca|qPDF|s1.46 MB|uhttps://publications.gc.ca/collections/collection_2013/rncan-nrcan/M44-2002-A10-eng.pdf|y2002-A10